000 00424nam a22001697a 4500
003 CEME
005 20210628203451.0
008 210201b xxu||||| |||| 00| 0 eng d
040 _c.
082 _a922.943 KRI
100 _a.Krishan Komar
_965629
245 _aGotom budh, raj mahal say jangale tak
260 _aLAHORE
_bNIGARSHAAT
_c2002
300 _a352P
650 _aBIOGRAPHY-GOTOM BUDH
_965630
942 _cBK
_2ddc
999 _c573784
_d573784